Journalism / (Record no. 155386)

MARC details
000 -LEADER
fixed length control field 00482nam a22001817a 4500
003 - CONTROL NUMBER IDENTIFIER
control field dpl
005 - DATE AND TIME OF LATEST TRANSACTION
control field 20180803145044.0
008 - FIXED-LENGTH DATA ELEMENTS--GENERAL INFORMATION
fixed length control field 180803b xxu||||| |||| 00| 0 eng d
020 ## - INTERNATIONAL STANDARD BOOK NUMBER
International Standard Book Number 818597280
Terms of availability 0.00
035 ## - SYSTEM CONTROL NUMBER
System control number A-742436
040 ## - CATALOGING SOURCE
Original cataloging agency DPL
Language of cataloging EN
Transcribing agency 0
082 ## - DEWEY DECIMAL CLASSIFICATION NUMBER
Classification number 070
100 ## - MAIN ENTRY--PERSONAL NAME
Personal name Murthi,R.K.
245 ## - TITLE STATEMENT
Title Journalism /
Statement of responsibility, etc by R.K.Murthi
260 ## - PUBLICATION, DISTRIBUTION, ETC. (IMPRINT)
Place of publication, distribution, etc New Delhi
Name of publisher, distributor, etc Prop Reliance Publishing House
Date of publication, distribution, etc 1995
300 ## - PHYSICAL DESCRIPTION
Extent ix,281p.;
Dimensions 21cm
942 ## - ADDED ENTRY ELEMENTS (KOHA)
Source of classification or shelving scheme Dewey Decimal Classification
Koha item type English Books
Classification part 070
Call number suffix MUR
Holdings
Withdrawn status Lost status Source of classification or shelving scheme Damaged status Not for loan Collection code Home library Current library Date acquired Source of acquisition Cost, normal purchase price Total Checkouts Full call number Barcode Date last seen Cost, replacement price Price effective from Koha item type
    Dewey Decimal Classification     Non-fiction Patel Nagar Patel Nagar 03/08/2018 BPPD/PUB 0.00   070 MUR A-742436 03/08/2018 0.00 03/08/2018 English Books

© Delhi Public Library
Hit Counter
free hit counter